Regional Planning: (Record no. 184480)

MARC details
000 -LEADER
fixed length control field 00459nam a2200157 4500
041 ## - LANGUAGE CODE
Language code of text/sound track or separate title eng
082 ## - DEWEY DECIMAL CLASSIFICATION NUMBER
Classification number 309.25095475
Item number BAL
100 ## - MAIN ENTRY--AUTHOR NAME
Personal name Singh, Baldev
245 ## - TITLE STATEMENT
Title Regional Planning:
Remainder of title Explorations in Agriculture and Industry /
Statement of responsibility, etc by Baldev Singh
260 ## - PUBLICATION, DISTRIBUTION, ETC. (IMPRINT)
Place of publication New Delhi,
-- Bombay,
-- Calcutta,
Name of publisher Oxford & IBH Publishing Co.
Year of publication c1981
300 ## - PHYSICAL DESCRIPTION
Number of Pages xvi, 247p.,
Dimensions 23cm
500 ## - GENERAL NOTE
General note Includes Index
650 ## - SUBJECT ADDED ENTRY--TOPICAL TERM
Topical Term Planning
942 ## - ADDED ENTRY ELEMENTS (KOHA)
Koha item type Books
Holdings
Withdrawn status Lost status Damaged status Collection code Home library Current library Shelving location Date acquired Full call number Accession Number Koha item type
      ICSSR North Eastern Hill University North Eastern Hill University General Stacks 12/03/1986 309.25095475 BAL IC607 Books